000 00482nam a22001937a 4500
003 MPLRDC
005 20220104183216.0
008 210129b ||||| |||| 00| 0 eng d
020 _a986-213-037-7
082 _a782.886 JM
100 _a几米
245 _a几米故事的开始
_c
250 _a初版一刷
260 _a台湾
_b大块文化出版股份有限公司
_c2008
300 _b
490 _a几米作品. 027
650 _a画册
942 _cBK
_o782.886 JM
999 _c62303
_d62293